000 01669nam a2200289 a 4500
001 000037605
005 20260305073959.0
008 121001s2010 dr ac 000 0 spa d
020 _a9789945002553
040 _aDO-SdBNP
_bspa
_cBNPHU
041 1 7 _aspa
_beng
_2fren
082 _a709.7293
_bG377g
100 1 _aGerón, Candido,
_d1948-
_93577
245 1 0 _aGrandes creadores del arte dominicano /
_cCándido Gerón ; traductores María Teresa Puigbo, Manuel García Cartagena.
260 _aSanto Domingo :
_bCentenario,
_c2010.
300 _a499 p. :
_bil., retrs. ;
_c30 cm.
500 _aTexto en español, inglés y francés
500 _aTexto a dos columnas
500 _aIncluye datos biográficos del autor en la solapa de la portada
505 0 _aPrincipios de siglo xx : celebración y ruptura --
_tNacimiento de la pintura moderna 1936-1942 : El exilio español --
_tLa fundación de la Escuela Nacional de Bellas Artes --
_tEl ministerio se abre a lo desconocido --
_tEl vértigo se atrinchera en la modernidad --
_tDos generaciones alucinantes, combatientes y contradictorias en pleno siglo XX --
_tLas mareas de la postmodernidad --
_tConsolidación de la pintura dominicana moderna --
_tIncidencia de los pintores Paul Giudicelli, Gilberto Hernández Ortega, Clara Ledesma, Eligio Pichardo, y los Escultores Gaspar Mario Cruz y Luichy Martínez Richieez --
_tBiografías --
590 _aInventariado, 2018/LP
650 4 _aArte dominicano
_937843
650 4 _aArtistas dominicanos
_xBiografías
_933342
700 1 2 _aTeresa Puigbo, María,
_etr.
_964075
700 1 2 _aGarcía Cartagena, Manuel
_etr.
_912067
910 _aValidado. Control de calidad MFF
999 _c37095
_d37095